Countries closest to Thailand - Statistics

General Stats
  • This quiz has been taken 26 times
  • The average score is 8 of 9
Answer Stats
Hint Answer % Correct
Asean Cambodia
100%
Asean Laos
100%
Asean Malaysia
100%
Asean Myanmar
100%
Asean Vietnam
96%
Asia China
91%
Asean Indonesia
91%
Asia India
78%
Asia Bangladesh
65%
No matching quizzes found
Score Distribution
Percent of People with Each Score
Percentile by Number Answered
Your Score History
You have not taken this quiz